000 00213nam a22000857a 4500
008 160915b xxu||||| |||| 00| 0 eng d
100 _9517
_aDutta E
245 _aEnglish-VIII
260 _aNew Delhi
_bAPC publication
_c2006
999 _c3174
_d3174